Niektoré fragmenty filozofie účtovníctva

Účtovníctvo - vedný odbor svojím systémovým prístupom k zberu a spracovaniu informácií na ovládanie hospodárskych procesov nenahraditeľný na mikro- a makroúrovni. Charakteristiky zásad účtovníctva v aplikačnej časti. Teoretická a aplikačná oblasť účtovníctva (ako u ostatných vedných odborov), v súča...

Full description

Saved in:
Bibliographic Details
Main Author: Králiček, Vladimír
Format: Book Chapter
Language:Slovak
Subjects:
Tags: Add Tag
No Tags, Be the first to tag this record!

MARC

LEADER 00000naa a2200000 4500
001 r023940
005 20221213114829.2
041 0 |a slo 
044 |a SK 
245 1 0 |a Niektoré fragmenty filozofie účtovníctva  |c V. Králiček 
520 |a Účtovníctvo - vedný odbor svojím systémovým prístupom k zberu a spracovaniu informácií na ovládanie hospodárskych procesov nenahraditeľný na mikro- a makroúrovni. Charakteristiky zásad účtovníctva v aplikačnej časti. Teoretická a aplikačná oblasť účtovníctva (ako u ostatných vedných odborov), v súčasnosti prevaha aplikačnej stránky pri používaní počítačov, spätná väzba. Hraničné disciplíny účtovníctva. Neuzavreté problémy predmetom výskumu v účtovníctve. 
610 2 0 |a účtovníctvo 
610 2 0 |a filozofia 
610 2 0 |a vedy ekonomické 
610 2 0 |a systémy informačné 
610 2 0 |a spracovanie dát 
610 2 0 |a rozhodovanie podnikové 
610 2 0 |a rozhodovanie 
610 2 0 |a využitie počítačov 
100 1 |a Králiček, Vladimír